[Event "Liverpool Open"]
[Site "?"]
[Date "2007.09.03"]
[Round "1.29"]
[White "Lee, Steven"]
[Black "Wilson, Alexandra"]
[Result "1/2-1/2"]
[WhiteElo "1592"]
[BlackElo "2066"]
[PlyCount "118"]
[EventDate "2007.09.05"]
[SourceDate "2007.09.05"]

1. e4 e6 2. d4 d5 3. exd5 exd5 4. Bd3 Nc6 5. Ne2 Bd6 6. c3 Qh4 7. Ng3 Nge7 8.
Nd2 Bg4 9. Nf3 Qf6 10. Be2 h5 11. Bg5 Qe6 12. O-O f6 13. Bd2 O-O-O 14. Re1 Qf7
15. h3 Bd7 16. b4 g5 17. Nh2 g4 18. hxg4 hxg4 19. Bxg4 f5 20. Bh5 Qh7 21. f4
Be8 22. Bxe8 Rdxe8 23. Kf2 Reg8 24. Qf3 Qg7 25. Nhf1 Rh4 26. b5 Na5 27. Rxe7
Bxe7 28. Nxf5 Qf7 29. Nxh4 Bxh4+ 30. g3 Bf6 31. Ne3 c6 32. bxc6 bxc6 33. Rh1
Nb7 34. Qh5 Qe6 35. Qf5 Re8 36. Rh6 Qxf5 37. Nxf5 Bh8 38. Nd6+ Nxd6 39. Rxd6
Kc7 40. Rh6 Rb8 41. Rh7+ Kb6 42. g4 Kb5 43. Rxa7 Kc4 44. Ra4+ Kd3 45. Be1 Ke4
46. Kg3 Rb1 47. Bf2 Rd1 48. Ra8 Rd3+ 49. Kg2 Bg7 50. Re8+ Kxf4 51. Re7 Bh6 52.
Re6 Bg5 53. Rxc6 Rd2 54. Kf1 Kf3 55. Be1 Rh2 56. Kg1 Rg2+ 57. Kf1 Rh2 58. Kg1
Rg2+ 59. Kf1 Rh2 1/2-1/2

[Event "Liverpool Open"]
[Site "?"]
[Date "2007.09.03"]
[Round "1.30"]
[White "Cannon, Raymond Charles"]
[Black "Ashton, David"]
[Result "1-0"]
[WhiteElo "2050"]
[BlackElo "1576"]
[PlyCount "55"]
[EventDate "2007.09.05"]
[SourceDate "2007.09.05"]

1. e4 e6 2. d4 d5 3. Nd2 Nf6 4. e5 Nfd7 5. Bd3 c5 6. c3 Nc6 7. Ne2 Qb6 8. Nf3
cxd4 9. cxd4 Bb4+ 10. Kf1 f6 11. a3 Be7 12. exf6 Nxf6 13. Ne5 Nxe5 14. dxe5 Nh5
15. Be3 Bc5 16. Nd4 Nf4 17. Bb5+ Ke7 18. Bxf4 Rf8 19. Bg5+ Kf7 20. Bd3 h6 21.
Be3 Ke7 22. Bg6 Bd7 23. b4 Bb5+ 24. Kg1 Bxd4 25. Bxd4 Qa6 26. Bc5+ Kd7 27. a4
Be2 28. b5 1-0

[Event "Liverpool Open"]
[Site "?"]
[Date "2007.09.03"]
[Round "1.31"]
[White "Doran, Chris"]
[Black "Pass, Deborah"]
[Result "1/2-1/2"]
[WhiteElo "1576"]
[BlackElo "2044"]
[PlyCount "59"]
[EventDate "2007.09.05"]
[SourceDate "2007.09.05"]

1. Nf3 Nf6 2. c4 g6 3. g3 Bg7 4. Nc3 O-O 5. b4 d5 6. cxd5 Nxd5 7. Qb3 Nxc3 8.
dxc3 Be6 9. Qc2 Nc6 10. Bb2 Qd5 11. Bg2 Qc4 12. Nd2 Nxb4 13. Qc1 Nxa2 14. Nxc4
Nxc1 15. Na5 Nb3 16. Nxb3 Bxb3 17. Bxb7 Rab8 18. Rxa7 Rxb7 19. Rxb7 Bd5 20.
Rxc7 Bxh1 21. f3 Bg2 22. Kf2 Bh3 23. Ba3 Re8 24. g4 Be5 25. Rxe7 Rxe7 26. Bxe7
Bxc3 27. Kg3 Bf1 28. Kf2 Bxe2 29. Kxe2 Be5 30. h3 1/2-1/2

[Event "Liverpool Open"]
[Site "?"]
[Date "2007.09.03"]
[Round "1.32"]
[White "Brown, Martin"]
[Black "Balatoni, Richard"]
[Result "1-0"]
[WhiteElo "2038"]
[BlackElo "1528"]
[PlyCount "71"]
[EventDate "2007.09.05"]
[SourceDate "2007.09.05"]

1. e4 e6 2. d4 d5 3. Nd2 Nf6 4. e5 Nfd7 5. f4 c5 6. c3 Nc6 7. Ndf3 Qb6 8. g3
cxd4 9. cxd4 Bb4+ 10. Kf2 f6 11. Kg2 O-O 12. Bd3 Kh8 13. Bb1 f5 14. Ne2 Qc7 15.
h3 g6 16. g4 Rg8 17. Bd2 b6 18. Bd3 a5 19. Rc1 Bxd2 20. Qxd2 Ba6 21. Bxa6 Rxa6
22. Nc3 Nf8 23. Nb5 Qd7 24. Nd6 Nd8 25. Qe2 Ra7 26. Nb5 Rb7 27. Rc3 Rg7 28.
Rhc1 Kg8 29. b3 Kh8 30. Rc7 Rxc7 31. Rxc7 Qxc7 32. Nxc7 Rxc7 33. Qb5 Nd7 34. b4
axb4 35. Qxb4 Nc6 36. Qd6 1-0

[Event "Liverpool Open"]
[Site "?"]
[Date "2007.09.03"]
[Round "1.33"]
[White "Morton, Alistair"]
[Black "Hawkins, Nick"]
[Result "0-1"]
[WhiteElo "1440"]
[BlackElo "2016"]
[PlyCount "76"]
[EventDate "2007.09.05"]
[SourceDate "2007.09.05"]

1. d4 Nf6 2. c4 e6 3. Nf3 Bb4+ 4. Nbd2 b6 5. a3 Bxd2+ 6. Qxd2 Bb7 7. g3 O-O 8.
Bg2 d6 9. O-O Nbd7 10. b3 Ne4 11. Qc2 Rb8 12. Bb2 f5 13. Nd2 Nxd2 14. Qxd2 Bxg2
15. Kxg2 Qe8 16. Rae1 Nf6 17. f3 Qh5 18. e3 Rbe8 19. Qf2 Qg6 20. Qe2 Nh5 21.
Bc1 e5 22. dxe5 Rxe5 23. Kh1 Rfe8 24. Qg2 Qe6 25. Re2 Nf6 26. Rfe1 Qf7 27. Bb2
R5e7 28. Bxf6 Qxf6 29. e4 fxe4 30. Rxe4 Rxe4 31. Rxe4 Rxe4 32. fxe4 Qa1+ 33.
Qg1 Qxa3 34. Qd1 Qc5 35. Qg4 h6 36. Qe6+ Kh7 37. Qf5+ Qxf5 38. exf5 a5 0-1

[Event "Liverpool Open"]
[Site "?"]
[Date "2007.09.03"]
[Round "1.34"]
[White "Almer, Julia"]
[Black "Crean, Mike"]
[Result "1-0"]
[WhiteElo "1932"]
[BlackElo "1424"]
[PlyCount "91"]
[EventDate "2007.09.05"]
[SourceDate "2007.09.05"]

1. e4 e5 2. Nf3 Nc6 3. d4 d6 4. dxe5 dxe5 5. Qxd8+ Kxd8 6. Bc4 Be6 7. Bxe6 fxe6
8. Nc3 Be7 9. Be3 Nf6 10. Ng5 Kd7 11. Rd1+ Bd6 12. Nf7 Rhf8 13. Nxd6 cxd6 14.
Bc5 Ne8 15. Nb5 Nd4 16. Nxd4 exd4 17. Bxd4 Nf6 18. e5 Nd5 19. exd6 Rf4 20. O-O
g5 21. g3 Rf5 22. Rfe1 b6 23. Re5 Nb4 24. c3 Nc6 25. Rxf5 exf5 26. Bf6 g4 27.
f3 h5 28. Kf2 Ke6 29. Bg5 Kd7 30. Bf4 Nd8 31. Rd5 Ne6 32. Rxf5 Nxf4 33. Rxf4
Kxd6 34. fxg4 hxg4 35. Rxg4 Ke6 36. Kf3 Ke5 37. h4 Kf5 38. Rg5+ Kf6 39. Rd5 Ke6
40. Rd4 Rf8+ 41. Rf4 Rg8 42. g4 Rg7 43. g5 Rh7 44. Kg4 Rh8 45. h5 a5 46. g6 1-0

[Event "Liverpool Open"]
[Site "?"]
[Date "2007.09.03"]
[Round "1.35"]
[White "Martin, Brian"]
[Black "Reppen, Ellisiv"]
[Result "0-1"]
[WhiteElo "1424"]
[BlackElo "1922"]
[PlyCount "78"]
[EventDate "2007.09.05"]
[SourceDate "2007.09.05"]

1. d4 d5 2. Nf3 Nf6 3. c4 e6 4. g3 Be7 5. Bg2 O-O 6. O-O Nbd7 7. b3 b6 8. Nc3
Bb7 9. Bb2 c5 10. e3 cxd4 11. exd4 dxc4 12. bxc4 Rc8 13. Nd2 Bxg2 14. Kxg2 Nb8
15. Ne2 Qd7 16. Qb3 Qb7+ 17. f3 Nc6 18. Rac1 Na5 19. Qd3 Rfd8 20. Ne4 Nxe4 21.
fxe4 Nc6 22. Qf3 Rf8 23. d5 exd5 24. cxd5 Nb4 25. Qg4 g6 26. Rxf7 Rxf7 27.
Rxc8+ Bf8 28. Qe6 Qa6 29. Nf4 Nd3 30. Rxf8+ Kxf8 31. Qd6+ Kg8 32. Ba3 Nxf4+ 33.
gxf4 Qe2+ 34. Kg1 Qe3+ 35. Kg2 Qxe4+ 36. Kg1 Qe3+ 37. Kg2 Qxf4 38. Qd8+ Kg7 39.
Bb2+ Kh6 0-1

[Event "Liverpool Open"]
[Site "?"]
[Date "2007.09.03"]
[Round "1.36"]
[White "Mollison, Jamie"]
[Black "Solomon, Graeme"]
[Result "1-0"]
[WhiteElo "1917"]
[BlackElo "1408"]
[PlyCount "120"]
[EventDate "2007.09.05"]
[SourceDate "2007.09.05"]

1. e4 d6 2. d4 Nf6 3. Nc3 c6 4. a4 Qa5 5. Bd2 e5 6. Nd5 Qd8 7. Nxf6+ Qxf6 8.
Bc3 Nd7 9. Nf3 Be7 10. Bc4 O-O 11. Qe2 Re8 12. O-O-O Bf8 13. h4 exd4 14. Bxd4
Qf4+ 15. Be3 Qg4 16. Bxf7+ Kh8 17. Bxe8 Nf6 18. Bf7 Nxe4 19. Nd4 Qd7 20. Be6
Qe8 21. Bxc8 Rxc8 22. Qg4 d5 23. Qe6 Be7 24. Kb1 Qf8 25. h5 Bf6 26. h6 g6 27.
Nb3 Re8 28. Qg4 a5 29. Rhe1 Qb4 30. Bc5 Nd2+ 31. Kc1 Nxb3+ 32. cxb3 Qxc5+ 33.
Kb1 Rf8 34. Re2 d4 35. Qd7 Qf5+ 36. Qxf5 gxf5 37. Re6 Kg8 38. Rde1 Kf7 39. Rd6
Kg6 40. Ree6 f4 41. Kc2 Kf5 42. Re1 Rg8 43. g3 Rg6 44. gxf4 Rxh6 45. Re5+ Kxf4
46. Rxa5 Rg6 47. Rh5 Be5 48. Rxg6 hxg6 49. Rh7 Ke4 50. Re7 g5 51. f3+ Kf4 52.
Kd3 c5 53. Rf7+ Kg3 54. Ke4 Bf4 55. Rd7 b6 56. b4 Bd2 57. a5 bxa5 58. bxc5 Bc3
59. bxc3 dxc3 60. Rd1 a4 1-0

[Event "Liverpool Open"]
[Site "?"]
[Date "2007.09.03"]
[Round "1.37"]
[White "Bentley, Emma"]
[Black "Brooke, John"]
[Result "0-1"]
[WhiteElo "1368"]
[BlackElo "1887"]
[PlyCount "58"]
[EventDate "2007.09.05"]
[SourceDate "2007.09.05"]

1. e4 d6 2. Nc3 Nf6 3. h3 g6 4. Nf3 Bg7 5. Bc4 e6 6. O-O Nxe4 7. Nxe4 d5 8.
Bb5+ c6 9. Bxc6+ bxc6 10. Ng3 O-O 11. d3 Qc7 12. Re1 c5 13. Rb1 Nc6 14. c3 Rb8
15. Bd2 Ba6 16. b3 Bxd3 17. Rb2 c4 18. Qc1 Rfe8 19. Bh6 Ne5 20. Bxg7 Nxf3+ 21.
gxf3 Kxg7 22. Qg5 Qe7 23. Nh5+ Kh8 24. Qe5+ f6 25. Nxf6 Qg7 26. Nxe8 Qxe5 27.
Rxe5 Rxe8 28. bxc4 Bxc4 29. Rb7 Kg8 {remaining moves illegible} 0-1

[Event "Liverpool Open"]
[Site "?"]
[Date "2007.09.03"]
[Round "1.38"]
[White "MacGilchrist, Siegrun"]
[Black "Ewart, Brian"]
[Result "0-1"]
[WhiteElo "1834"]
[BlackElo "1808"]
[PlyCount "66"]
[EventDate "2007.09.05"]
[SourceDate "2007.09.05"]

1. e4 c5 2. Bb5 a6 3. Be2 Nc6 4. Nf3 d6 5. O-O Nf6 6. d3 g6 7. Nc3 Bg7 8. Rb1
O-O 9. Be3 Qc7 10. Qd2 Rd8 11. Rfe1 b5 12. Nd5 Nxd5 13. exd5 Nb4 14. c4 Nxa2
15. Bh6 Bh8 16. Ng5 Bd7 17. Bf3 Be8 18. Qf4 Bf6 19. Re3 Nb4 20. Bd1 Qa5 21. Bb3
Rab8 22. Rbe1 Nxd3 23. Qe4 Nxe1 24. Rxe1 bxc4 25. Bxc4 Rxb2 26. Nf3 Rdb8 27. g4
R8b7 28. Bc1 Rb1 29. Bd2 Rxe1+ 30. Qxe1 Qa3 31. Kg2 Bb5 32. Qb1 Qa4 33. Bb3
Qxg4+ 0-1

[Event "Liverpool Open"]
[Site "?"]
[Date "2007.09.03"]
[Round "1.39"]
[White "Kent, Paul"]
[Black "Lambert, John"]
[Result "1/2-1/2"]
[WhiteElo "1484"]
[BlackElo "1632"]
[PlyCount "52"]
[EventDate "2007.09.05"]
[SourceDate "2007.09.05"]

1. d4 d5 2. c4 e6 3. Nf3 c6 4. Nc3 Nf6 5. Bg5 Nbd7 6. e3 Qa5 7. a3 dxc4 8. Bxc4
Ne4 9. b4 Nxc3 10. Qb3 Qc7 11. Bxe6 Nd5 12. Bxf7+ Kxf7 13. e4 Qd6 14. O-O Qe6
15. Bh4 h6 16. exd5 Qxd5 17. Qxd5+ cxd5 18. Rac1 Bd6 19. Bg3 Bxg3 20. fxg3 Kg6
21. Rc7 Kh7 22. Re1 Nf6 23. Ree7 Rg8 24. h3 a6 25. g4 Ne4 26. Ne5 Nf6 1/2-1/2